000 01552nam a22002297a 4500
999 _c3748
_d3748
003 OSt
005 20241015103621.0
008 241015b ||||| |||| 00| 0 eng d
020 _a9781350200937
040 _cKH8
082 _a822.914 RUS
100 _aRussell, Willy,
_eauthor.
245 _aEducating Rita /
_cWilly Russell.
260 _aLondon ;
_bMethuen Drama,
_c2023.
300 _a xxxv, 91 pages ;
_c20 cm.
520 _a''One way of describing Educating Rita would be to say that it was about the meaning of education . Another would be to say that it was about the meaning of life. A third, that it is a cross between Pygmailion and Lucky Jim. A fourth, that it is simply a marvellous play, painfully funny and passionately serious; a hilarious social documentary; a fairy-tale with a quizzical, half-happy ending.'' Sunday Times This new student edition includes an introduction covering the play''s context; chronology; dramatic devices; critical reception; production history; and key themes such as class and identity, popular culture and education. Educating Rita portrays a working-class Liverpool woman's hunger for education. It premiered at the RSC Warehouse, London, in 1980 and won the SWET award for Best Comedy of the Year. It was subsequently made into a highly successful film with Michael Caine and Julie Walters and won the 1983 BAFTA award for Best Film.
650 _a Adult education
650 _aEducation Drama
650 _aSelf-culture Drama
700 _aBeswick, Katie,
_eeditor.
942 _2ddc
_cNFIC